Movies Quiz

Random Movies Quiz

Movie Release Dates Quiz Stats

 Plays Quiz not verified by Sporcle

Score 0/30 Timer 02:00
0 Plays Today
Hint Answer % Correct
????
100%
????
81.3%
????
72.7%
????
72.7%
????
71.9%
????
66.9%
????
60.4%
????
57.6%
????
54.7%
????
51.8%
????
48.2%
????
38.1%
????
28.8%
????
27.3%
????
26.6%
Hint Answer % Correct
????
25.9%
????
22.3%
????
21.6%
????
20.9%
????
20.9%
????
18.7%
????
18%
????
17.3%
????
17.3%
????
17.3%
????
16.5%
????
15.1%
????
13.7%
????
10.8%
????
8.6%

You're not logged in!

Compare scores with friends on all Sporcle quizzes.
OR
Log In

Show Comments

Extras

Created Aug 9, 2017ReportNominate
Tags:date, release, released

Top Quizzes Today


Score Distribution

Your Account Isn't Verified!

In order to create a playlist on Sporcle, you need to verify the email address you used during registration. Go to your Sporcle Settings to finish the process.

Report this User

Report this user for behavior that violates our Community Guidelines.

Details: